BIBLIOTECA

SENCICO

Operación, mantenimiento y mejoramiento del sistema condominial de alcantarillado en la quebrada de Manchay / (Registro nro. 4424)

Detalles MARC
000 -LEADER
fixed length control field 00975nam a22002297a 4500
003 - CONTROL NUMBER IDENTIFIER
control field PE SENCICO BE
005 - DATE AND TIME OF LATEST TRANSACTION
control field 20251020182646.0
008 - FIXED-LENGTH DATA ELEMENTS--GENERAL INFORMATION
fixed length control field 231109b |||||||| |||| 00| 0 eng d
040 ## - CATALOGING SOURCE
Original cataloging agency PE SENCICO BE
Transcribing agency PE SENCICO BE
041 ## - LANGUAGE CODE
Language code of text/sound track or separate title spa
084 ## - OTHER CLASSIFICATION NUMBER
Classification number I
-- RED
-- 2018
Item number M72
100 1# - MAIN ENTRY--PERSONAL NAME
9 (RLIN) 1765
Personal name Moises Sarabia, Juan Carlos
Relator term autor
245 1# - TITLE STATEMENT
Title Operación, mantenimiento y mejoramiento del sistema condominial de alcantarillado en la quebrada de Manchay /
Statement of responsibility, etc. Juan Carlos Moises Sarabia
260 ## - PUBLICATION, DISTRIBUTION, ETC.
Place of publication, distribution, etc. Lima :
Date of publication, distribution, etc. 2018
300 ## - PHYSICAL DESCRIPTION
Extent 42 h. :
Other physical details il. col., tabls. ;
Dimensions 30 cm.
502 ## - DISSERTATION NOTE
Dissertation note Monografía de Titulación.-- Servicio Nacional de Capacitación para la Industria de la Construcción. Escuela Superior Técnica. Carrera Profesional Técnica en Redes de Agua Potable y Agua Residual, 2018
650 10 - SUBJECT ADDED ENTRY--TOPICAL TERM
9 (RLIN) 1763
Topical term or geographic name entry element Sistema de agua potable y alcantarillado
650 20 - SUBJECT ADDED ENTRY--TOPICAL TERM
9 (RLIN) 96
Topical term or geographic name entry element Seguridad industrial
650 20 - SUBJECT ADDED ENTRY--TOPICAL TERM
9 (RLIN) 103
Topical term or geographic name entry element Instalaciones sanitarias
910 ## - USER-OPTION DATA (OCLC)
-- hfp
-- hfp
942 ## - ADDED ENTRY ELEMENTS (KOHA)
Koha item type Monografía de Titulación
Existencias
Fecha de la última vez que lo usaron Número de ingreso o de inventario Pago total Signatura topográfica completa Código de barras Precio efectivo desde Tipo de documento Estado perdido Estado dañado No es para préstamo Retirado Ubicación permanente Ubicación actual Fecha de adquisición
09/11/2023 I-00248   I/RED/2018/M72 BibLima23110011 09/11/2023 Monografía de Titulación         Biblioteca Central Lima Biblioteca Central Lima 09/11/2023